Minecraft alle Verzauberungen - Statistiken

Allgemein
  • Dieses Quiz wurde 69 mal gespielt
  • Das Durchschnittsergebnis liegt bei 20 aus 44
Antwortstatistiken
max. Level Verzauberungen % Korrekt
IV Schutz
84%
III Haltbarkeit
81%
V Schärfe
81%
III Glück
74%
IV Federfall
73%
I Reparatur
69%
V Effizienz
66%
IV Feuerschutz
63%
I Unendlichkeit
63%
I Flamme
61%
V Stärke
61%
III Atmung
56%
III Plünderung
56%
III Wasserläufer
56%
III Dornen
55%
II Eisläufer
55%
IV Explosionsschutz
53%
l Behutsamkeit
52%
II Rückstoß
52%
II Verbrennung
50%
I Fluch der Bindung
45%
V Nemesis der Gliederfüßer
44%
II Schlag
44%
I Wasseraffinität
44%
I Fluch des Verschwindens
39%
III Glück des Meeres
39%
I Mehrfachschuss
39%
III Treue
39%
III Sog
37%
V Bann
35%
III Seelenläufer
35%
III Köder
32%
IV Durchschuss
31%
III Schnellladen
31%
IV Schussschutz
31%
V Dichte
29%
III Huschen
26%
V Harpune
24%
III Schwungkraft‌
23%
IV Durchbruch
21%
III Windstoß
21%
I Entladung
16%
III Ausfallschritt
11%
III Spaltung
3%
Keine übereinstimmenden Quizze gefunden
Verteilung der Resultate
Anzahl Personen mit jedem Resultat
Perzentil nach korrekt beantworteten Fragen
Ihre Resultats-Entwicklung
Sie haben dieses Quiz noch nicht gespielt